000 00608nam a2200169Ia 4500
008 220216s9999 xx 000 0 und d
100 _aNoorliana Mohd Zan
245 0 _aEarly selection of promising Hevea based on selected leaf physiological parameter and stomata characteristic
260 _bIRRDB Natural Rubber Conference 2008, 13-15 October 2008, Kuala Lumpur, Malaysia: Abstract of papers
500 _aSource Year: 2008
650 _aLeaf physiological parameter
650 _aStomata characteristic
700 _aBastiah Ahmad
700 _aHashima Idris
856 _uAbst only
942 _cJS
999 _c57533
_d57533